Otra vez el diablo
में बचाया:
| मुख्य लेखक: | |
|---|---|
| स्वरूप: | पुस्तक |
| भाषा: | स्पेनिश |
| प्रकाशित: |
Ciudad de México
Porrúa
1977
|
| संस्करण: | 3a. ed |
| श्रृंखला: | Sepan Cuántos, 249
|
| विषय: | |
| टैग: |
टैग जोड़ें
कोई टैग नहीं, इस रिकॉर्ड को टैग करने वाले पहले व्यक्ति बनें!
|
MARC
| LEADER | 00000nam a2200000 a 4500 | ||
|---|---|---|---|
| 001 | UCQ2046 | ||
| 003 | CL-VaPUC | ||
| 008 | 980721e19770000MX |||||||||||||||||spa|d | ||
| 082 | 0 | 4 | |a 862 |b CAS |2 21 |
| 100 | 0 | |a Casona, Alejandro |e author |9 415907 | |
| 245 | 1 | 0 | |a Otra vez el diablo |
| 246 | 1 | 0 | |a Nuestra Natacha |
| 246 | 1 | 0 | |a Prohibido suicidarse en primavera |
| 246 | 1 | 4 | |a Los árboles mueren de pie |
| 250 | |a 3a. ed | ||
| 300 | |a 172 p | ||
| 942 | |c BK | ||
| 945 | |d 19980721 00:00:00 |a lriquelm | ||
| 260 | |a Ciudad de México |b Porrúa |c 1977 | ||
| 650 | 7 | |a COMEDIAS ESPAÑOLAS |2 CL-VaPUC |9 415908 | |
| 650 | 0 | |a Cuentos españoles |9 267960 | |
| 650 | 0 | |a Teatro español |9 265077 | |
| 650 | 0 | |a Literatura española |9 306261 | |
| 583 | |a last modification |c 19980721 00:00:00 |k Rodrigo Vera | ||
| 490 | 0 | |a Sepan Cuántos, 249 | |
| 999 | |c 272888 |d 272886 | ||
| 952 | |0 0 |1 0 |4 0 |6 862_000000000000000_CAS_1977 |7 0 |8 A |9 308097 |a BIBEDU |b BIBEDU |d 2019-11-20 |i 1440470 |o 862 CAS 1977 |p 1440470 |r 2019-11-20 |w 2019-11-20 |y BK |k LIT | ||